| 000 | 00668nam a2200193 a 4500 | ||
|---|---|---|---|
| 003 | 0 | ||
| 005 | 20250414152812.0 | ||
| 008 | 060802s19uu xx 00 eng d | ||
| 050 |
_aPHS HQ 803.5 _b.Y44 2006 |
||
| 100 | _aYeh, Jui Hsiang. | ||
| 245 |
_aThe Effect of co-habitation on the future of a couples' relationship / _cJui Hsiang Yeh. |
||
| 260 |
_aLas PiƱas City, Philippines : _bSouthville International School and Colleges, _c2006. |
||
| 300 |
_a23 pages : _billustrations ; _c28 cm. |
||
| 504 | _aIncludes bibliographical references. | ||
| 650 | _aCohabitation. | ||
| 650 |
_aCouples _xPsychology. |
||
| 650 | _aInterpersonal relations. | ||
| 942 |
_2lcc _cPASS |
||
| 999 |
_c97681 _d97681 |
||